MARC details
| 000 -LEADER |
| fixed length control field |
03926cgm a2200817Mi 4500 |
| 001 - CONTROL NUMBER |
| control field |
on1043733303 |
| 003 - CONTROL NUMBER IDENTIFIER |
| control field |
OCoLC |
| 005 - DATE AND TIME OF LATEST TRANSACTION |
| control field |
20251229113857.0 |
| 007 - PHYSICAL DESCRIPTION FIXED FIELD--GENERAL INFORMATION |
| fixed length control field |
vd cvaizu |
| 008 - FIXED-LENGTH DATA ELEMENTS--GENERAL INFORMATION |
| fixed length control field |
180208s2018 cau585 g vleng d |
| 024 1# - OTHER STANDARD IDENTIFIER |
| Standard number or code |
024543415107 |
| 024 7# - OTHER STANDARD IDENTIFIER |
| Standard number or code |
00024543415107 |
| Source of number or code |
gtin-14 |
| 028 42 - PUBLISHER NUMBER |
| Publisher number |
2341510 |
| Source |
Twentieth Century Fox Home Entertainment |
| 035 ## - SYSTEM CONTROL NUMBER |
| System control number |
(OCoLC)1043733303 |
| 040 ## - CATALOGING SOURCE |
| Original cataloging agency |
MLM |
| Language of cataloging |
eng |
| Description conventions |
rda |
| Transcribing agency |
MLM |
| Modifying agency |
OCLCO |
| -- |
GK8 |
| -- |
OCLCO |
| -- |
OCLCF |
| -- |
MLM |
| -- |
OCLCQ |
| -- |
OCLCO |
| -- |
WACOL |
| 041 1# - LANGUAGE CODE |
| Language code of text/sound track or separate title |
eng |
| -- |
spa |
| Language code of original and/or intermediate translations of text |
eng |
| 043 ## - GEOGRAPHIC AREA CODE |
| Geographic area code |
e-ur--- |
| -- |
n-us--- |
| 046 ## - SPECIAL CODED DATES |
| Beginning or single date created |
2017 |
| Ending date created |
2017 |
| 049 ## - LOCAL HOLDINGS (OCLC) |
| Holding library |
WACL |
| 050 14 - LIBRARY OF CONGRESS CALL NUMBER |
| Classification number |
PN1992.77 |
| Item number |
.A44 2016 v.5 |
| 082 04 - DEWEY DECIMAL CLASSIFICATION NUMBER |
| Classification number |
791.45/72 |
| Edition number |
23 |
| 092 ## - LOCALLY ASSIGNED DEWEY CALL NUMBER (OCLC) |
| Classification number |
DVD |
| Item number |
Ame |
| 130 0# - MAIN ENTRY--UNIFORM TITLE |
| Uniform title |
Americans (Television program : 2013-2018). |
| Number of part/section of a work |
Season 5. |
| 9 (RLIN) |
6013191 |
| 245 14 - TITLE STATEMENT |
| Title |
The Americans. The complete fifth season / |
| 260 ## - PUBLICATION, DISTRIBUTION, ETC. (IMPRINT) |
| Date of publication, distribution, etc |
2018. |
| 264 #1 - Production, Publication, Distribution, Manufacture, and Copyright Notice. |
| Place of production, publication, distribution, manufacture |
Beverly Hills, California : |
| Name of producer, publisher, distributor, manufacturer |
Twentieth Century Fox Home Entertainment, produced by Mary Rae Thewlis ; written by Joel Fields, Joe Weisberg, Tracey Scott Wilson, Peter Ackerman, Joshua Brand [and others] ; directed by Chris Long, Stefan Schwartz, Gwyneth Horder-Payton, Noah Emmerich, Roxann Dawson [and others]. |
| Date of production, publication, distribution, manufacture, or copyr |
[2018] |
| 300 ## - PHYSICAL DESCRIPTION |
| Extent |
4 videodiscs (585 min.) : |
| Other physical details |
sound, color ; |
| Dimensions |
4 3/4 in. |
| 336 ## - Content Type |
| Content type term |
two-dimensional moving image |
| 337 ## - Media type |
| Media type term |
video |
| 338 ## - Carrier type |
| Carrier type term |
videodisc |
| 505 0# - FORMATTED CONTENTS NOTE |
| Formatted contents note |
Amber waves -- Pests -- The midges -- What's the matter with Kansas? -- Lotus 1-2-3 -- Crossbreed -- The Committee on Human Rights -- Immersion -- IHOP -- Darkroom -- Dyatkovo -- The World Council of Churches -- The Soviet division. |
| 511 1# - PARTICIPANT OR PERFORMER NOTE |
| Participant or performer note |
Keri Russell, Matthew Rhys, Holly Taylor, Keidrich Sellati, Noah Emmerich. |
| 518 ## - DATE/TIME AND PLACE OF AN EVENT NOTE |
| Date/time and place of an event note |
Originally broadcast on television in 2017. |
| 520 ## - SUMMARY, ETC. |
| Summary, etc |
Two undercover KGB agents pose as a married American couple in order to spy on the United States government during the Cold War. |
| 521 8# - TARGET AUDIENCE NOTE |
| Target audience note |
TV rating: Not rated. |
| 521 ## - TARGET AUDIENCE NOTE |
| Target audience note |
MPAA rating: MA<br/>Sex and Nudity<br/>Violence and Gore |
| Source |
Midwest Tape |
| 540 ## - TERMS GOVERNING USE AND REPRODUCTION NOTE |
| Terms governing use and reproduction |
For private home use only. |
| 546 ## - LANGUAGE NOTE |
| Language note |
In English or Spanish with optional French or Spanish subtitles. |
| 546 ## - LANGUAGE NOTE |
| Language note |
Closed-captioned. |
| 610 10 - SUBJECT ADDED ENTRY--CORPORATE NAME |
| Corporate name or jurisdiction name as entry element |
Soviet Union. |
| Subordinate unit |
Komitet gosudarstvennoĭ bezopasnosti |
| Form subdivision |
Drama. |
| 9 (RLIN) |
6407731 |
| 610 17 - SUBJECT ADDED ENTRY--CORPORATE NAME |
| Corporate name or jurisdiction name as entry element |
Soviet Union. |
| Subordinate unit |
Komitet gosudarstvennoĭ bezopasnosti. |
| Source of heading or term |
fast |
| 9 (RLIN) |
6013195 |
| 611 27 - SUBJECT ADDED ENTRY--MEETING NAME |
| Meeting name or jurisdiction name as entry element |
Cold War (1945-1989) |
| Source of heading or term |
fast |
| 9 (RLIN) |
5892221 |
| 650 #0 - SUBJECT ADDED ENTRY--TOPICAL TERM |
| Topical term or geographic name as entry element |
Spies |
| Geographic subdivision |
Soviet Union |
| Form subdivision |
Drama. |
| 9 (RLIN) |
6407732 |
| 650 #0 - SUBJECT ADDED ENTRY--TOPICAL TERM |
| Topical term or geographic name as entry element |
Espionage, Soviet |
| Geographic subdivision |
United States |
| Form subdivision |
Drama. |
| 9 (RLIN) |
6407733 |
| 650 #0 - SUBJECT ADDED ENTRY--TOPICAL TERM |
| Topical term or geographic name as entry element |
Cold War |
| Form subdivision |
Drama. |
| 9 (RLIN) |
5706352 |
| 650 #0 - SUBJECT ADDED ENTRY--TOPICAL TERM |
| Topical term or geographic name as entry element |
Couples |
| Form subdivision |
Drama. |
| 9 (RLIN) |
5748331 |
| 650 #7 - SUBJECT ADDED ENTRY--TOPICAL TERM |
| Topical term or geographic name as entry element |
Couples. |
| Source of heading or term |
fast |
| 9 (RLIN) |
6013196 |
| 650 #7 - SUBJECT ADDED ENTRY--TOPICAL TERM |
| Topical term or geographic name as entry element |
Espionage, Soviet. |
| Source of heading or term |
fast |
| 9 (RLIN) |
6013197 |
| 650 #7 - SUBJECT ADDED ENTRY--TOPICAL TERM |
| Topical term or geographic name as entry element |
Spies. |
| Source of heading or term |
fast |
| 9 (RLIN) |
6013198 |
| 651 #7 - SUBJECT ADDED ENTRY--GEOGRAPHIC NAME |
| Geographic name |
Soviet Union. |
| Source of heading or term |
fast |
| 9 (RLIN) |
6013199 |
| 651 #7 - SUBJECT ADDED ENTRY--GEOGRAPHIC NAME |
| Geographic name |
United States. |
| Source of heading or term |
fast |
| 9 (RLIN) |
6013200 |
| 655 #7 - INDEX TERM--GENRE/FORM |
| Genre/form data or focus term |
Drama. |
| Source of term |
fast |
| 9 (RLIN) |
5673873 |
| 655 #7 - INDEX TERM--GENRE/FORM |
| Genre/form data or focus term |
Fiction television programs. |
| Source of term |
fast |
| 9 (RLIN) |
5673656 |
| 655 #7 - INDEX TERM--GENRE/FORM |
| Genre/form data or focus term |
Spy television programs. |
| Source of term |
fast |
| 9 (RLIN) |
6013201 |
| 655 #7 - INDEX TERM--GENRE/FORM |
| Genre/form data or focus term |
Television series. |
| Source of term |
fast |
| 9 (RLIN) |
5674288 |
| 655 #7 - INDEX TERM--GENRE/FORM |
| Genre/form data or focus term |
Thrillers (Television programs) |
| Source of term |
fast |
| 9 (RLIN) |
5698785 |
| 655 #7 - INDEX TERM--GENRE/FORM |
| Genre/form data or focus term |
Video recordings for the hearing impaired. |
| Source of term |
fast |
| 9 (RLIN) |
6013202 |
| 655 #7 - INDEX TERM--GENRE/FORM |
| Genre/form data or focus term |
Spy television programs. |
| Source of term |
lcgft |
| 9 (RLIN) |
6013201 |
| 655 #7 - INDEX TERM--GENRE/FORM |
| Genre/form data or focus term |
Thrillers (Television programs) |
| Source of term |
lcgft |
| 9 (RLIN) |
5698785 |
| 655 #7 - INDEX TERM--GENRE/FORM |
| Genre/form data or focus term |
Television series. |
| Source of term |
lcgft |
| 9 (RLIN) |
5674288 |
| 655 #7 - INDEX TERM--GENRE/FORM |
| Genre/form data or focus term |
Fiction television programs. |
| Source of term |
lcgft |
| 9 (RLIN) |
5673656 |
| 655 #7 - INDEX TERM--GENRE/FORM |
| Genre/form data or focus term |
Video recordings for the hearing impaired. |
| Source of term |
lcgft |
| 9 (RLIN) |
6013202 |
| 700 1# - ADDED ENTRY--PERSONAL NAME |
| Personal name |
Long, Chris |
| Titles and other words associated with a name |
(Film director), |
| Relator term |
director. |
| 9 (RLIN) |
6013203 |
| 700 1# - ADDED ENTRY--PERSONAL NAME |
| Personal name |
Schwartz, Stefan, |
| Dates associated with a name |
1963- |
| Relator term |
director. |
| 9 (RLIN) |
5895244 |
| 700 1# - ADDED ENTRY--PERSONAL NAME |
| Personal name |
Russell, Keri, |
| Dates associated with a name |
1976- |
| Relator term |
actor. |
| 9 (RLIN) |
65390 |
| 700 1# - ADDED ENTRY--PERSONAL NAME |
| Personal name |
Rhys, Matthew, |
| Dates associated with a name |
1974- |
| Relator term |
actor. |
| 9 (RLIN) |
6013204 |
| 700 1# - ADDED ENTRY--PERSONAL NAME |
| Personal name |
Taylor, Holly, |
| Dates associated with a name |
1997- |
| Relator term |
actor. |
| 9 (RLIN) |
6013205 |
| 730 02 - ADDED ENTRY--UNIFORM TITLE |
| Uniform title |
Americans (Television program : 2013-2018). |
| Number of part/section of a work |
Season 5. |
| Language of a work |
Spanish. |
| 9 (RLIN) |
6013206 |
| 942 ## - ADDED ENTRY ELEMENTS (KOHA) |
| Koha item type |
DVD |
| Source of classification or shelving scheme |
Dewey Decimal Classification |
| 948 ## - LOCAL PROCESSING INFORMATION (OCLC); SERIES PART DESIGNATOR (RLIN) |
| Series part designator, SPT (RLIN) |
10/22/2019 |
| z (OCLC) |
Sirsi |